Fraterna correccional que ofrece a Don Fermin Caballero (Record no. 159703)

MARC details
000 -LEADER
campo de control de longitud fija 00813nam a22001935i 4500
001 - NÚMERO DE CONTROL
campo de control 159703
003 - IDENTIFICADOR DE NÚMERO DE CONTROL
campo de control ES-MaACL
005 - FECHA Y HORA DE LA ÚLTIMA TRANSACCIÓN
campo de control 20251123063308.0
008 - DATOS DE LONGITUD FIJA--INFORMACIÓN GENERAL
campo de control de longitud fija 951218s1828 sp |||| | spa d
040 ## - FUENTE DE CATALOGACIÓN
Centro catalogador/agencia de origen EUS
Lengua de catalogación spa
Centro/agencia transcriptor EUS
100 1# - ENTRADA PRINCIPAL--NOMBRE DE PERSONA
Nombre de persona Miñano y Bedoya, Sebastián,
Fechas asociadas al nombre 1779-1845
9 (RLIN) 81393
245 10 - MENCIÓN DEL TÍTULO
Título Fraterna correccional que ofrece a Don Fermin Caballero
Resto del título : editor del libro intitulado La Turquia, teatro de la guerra presente /
Mención de responsabilidad, etc. Don Sebastian Miñano.
260 ## - PUBLICACIÓN, DISTRIBUCIÓN, ETC.
Lugar de publicación, distribución, etc. Madrid :
Nombre del editor, distribuidor, etc. [s.n.],
Fecha de publicación, distribución, etc. 1828 (
Fabricante Imprenta de Pierart Peralta)
300 ## - DESCRIPCIÓN FÍSICA
Extensión 75 p. ;
Dimensiones 21 cm.
650 #4 - PUNTO DE ACCESO ADICIONAL DE MATERIA--TÉRMINO DE MATERIA
Término de materia o nombre geográfico como elemento de entrada Debates (Género literario)
9 (RLIN) 153050
700 1# - ENTRADA AGREGADA--NOMBRE PERSONAL
Nombre de persona Caballero, Fermín,
Fechas asociadas al nombre 1800-1876
9 (RLIN) 33078
852 ## - LOCALIZACIÓN
Ubicación ES-MaACL
Número de control de estantería T-1463-F-3
Nota libre -- Enc. hol.
condición física -- Falto de la cub. original
Nota libre -- Enc. en un vol. facticio
Holdings
Estatus retirado Estado de pérdida Estado de daño No para préstamo Colección Biblioteca de origen Biblioteca actual Ubicación en estantería Fecha de adquisición Total de préstamos Signatura topográfica completa Código de barras Visto por última vez Precio de reemplazo Tipo de ítem Koha
        Colección de folletos Biblioteca del Ateneo de Madrid Biblioteca del Ateneo de Madrid Depósito folletos 17/01/2008   T-1463-F-3 1167191 23/02/2023 23/02/2023 Folleto